[Event "Vienna Husek op-A"]
[Site "Vienna"]
[Date "2012.08.19"]
[Round "7"]
[White "Vos, Chris"]
[Black "Pruell, Lukas"]
[Result "0-1"]
[WhiteElo "2045"]
[BlackElo "1892"]
[PlyCount "58"]
[EventDate "2012.08.13"]
[EventType "swiss"]
[EventRounds "7"]
[EventCountry "AUT"]
[SourceTitle "EXT 2014"]
[Source "ChessBase"]
[SourceDate "2013.11.20"]
[SourceVersion "1"]
[SourceVersionDate "2013.11.20"]
[SourceQuality "1"]

1. d4 Nf6 2. c4 g6 3. Nc3 Bg7 4. e4 d6 5. Nf3 0-0 6. h3 e5 7. dxe5 dxe5 8. Qxd8 Rxd8 9. Bg5 Re8 10. Rd1 c6 11. Be2 h6 12. Bxf6 Bxf6 13. 0-0 Nd7 14. Rd2 Nc5 15. Rfd1 Ne6 16. Kh2 Nf4 17. Bf1 g5 18. Na4 Ne6 19. b4 Nd4 20. Nc3 Be6 21. Na4 b6 22. Nxd4 exd4 23. Bd3 Be7 24. Rb2 Rab8 25. Rdb1 b5 26. Nc5 Bxc4 27. Rd1 a5 28. Na6 Ra8 29. Nc7 Bd6+ 0-1

[Event "Vienna Husek op-A"]
[Site "Vienna"]
[Date "2012.08.18"]
[Round "6"]
[White "Liedl, Wolfgang"]
[Black "Vos, Chris"]
[Result "1-0"]
[WhiteElo "2234"]
[BlackElo "2045"]
[PlyCount "43"]
[EventDate "2012.08.13"]
[EventType "swiss"]
[EventRounds "7"]
[EventCountry "AUT"]
[SourceTitle "EXT 2014"]
[Source "ChessBase"]
[SourceDate "2013.11.20"]
[SourceVersion "1"]
[SourceVersionDate "2013.11.20"]
[SourceQuality "1"]

1. d4 d5 2. c4 c6 3. Nf3 Nf6 4. Nc3 e6 5. Bg5 h6 6. Bh4 dxc4 7. e4 g5 8. Bg3 b5 9. Be2 Bb7 10. 0-0 Nbd7 11. Ne5 a6 12. f4 g4 13. Nxg4 b4 14. Nxf6+ Nxf6 15. e5 bxc3 16. Bh4 cxb2 17. Rb1 Qb6 18. Bxf6 Rg8 19. Bxc4 Be7 20. Bxe7 Kxe7 21. Rf2 c5 22. Rfxb2 1-0